000 00664nam a2200229Ia 4500
003 OSt
005 20220926040242.0
006 a|||||r|||| 00| 0
007 ta
008 220923b |||||||| |||| 00| 0 eng d
037 _cGeneral Book
040 _aRTL
_cRTL
_beng
041 _2eng
_aeng
082 _aX:77.7910r3.N6, K1
110 _aFederation of British Industries
_9343396
245 0 _aBritish industry and the development of Latin Amer
260 _c1961
650 _aEconomic Development
_917300
700 _aFederation of British Industries
_9343397
942 _hX:77.7910r3.N6, K1
_cGB
_2CC
999 _c664316
_d664316